[Event "Oberliga Nord N 9596"]
[Site "Germany"]
[Date "1995.??.??"]
[Round "?"]
[White "Jaeckle, Marco"]
[Black "Dankert, Peter"]
[Result "1/2-1/2"]
[WhiteElo "2295"]
[BlackElo "2275"]
[PlyCount "39"]
[EventDate "1995.10.??"]
[EventType "team"]
[EventRounds "9"]
[EventCountry "GER"]
[Source "ChessBase"]
[SourceDate "1998.11.10"]

1. e4 Nf6 2. e5 Nd5 3. c4 Nb6 4. d4 d6 5. exd6 cxd6 6. Nc3 g6 7. a4 Bg7 8. a5
N6d7 9. Be3 O-O 10. Ra3 e5 11. Nf3 a6 12. Be2 Nc6 13. d5 Ne7 14. Ne4 Nf5 15.
O-O Nxe3 16. fxe3 Nc5 17. Nf2 b6 18. b4 Nb7 19. axb6 Qxb6 20. Qd2 1/2-1/2

[Event "AUT-chT2W 9697"]
[Site "Austria"]
[Date "1997.??.??"]
[Round "8"]
[White "Poettinger, Harald"]
[Black "Opl, Klaus"]
[Result "1/2-1/2"]
[WhiteElo "2245"]
[BlackElo "2300"]
[PlyCount "50"]
[EventDate "1996.??.??"]
[EventType "team"]
[EventRounds "11"]
[EventCountry "AUT"]
[Source "ChessBase"]
[SourceDate "1997.11.17"]

1. e4 Nf6 2. e5 Nd5 3. c4 Nb6 4. d4 d6 5. exd6 cxd6 6. Nc3 g6 7. a4 a5 8. Be3
Bg7 9. Nf3 Nc6 10. d5 Nb4 11. Bd4 f6 12. Be2 Bf5 13. O-O Bh6 14. Ne1 O-O 15. b3
e5 16. dxe6 Bxe6 17. Nc2 Nxc2 18. Qxc2 Nd7 19. Bf3 Rb8 20. Bd5 Bxd5 21. Nxd5
Bg7 22. Rfe1 Ne5 23. Re2 f5 24. Bc3 f4 25. f3 Qh4 1/2-1/2

[Event "Ceske Budejovice op"]
[Site "Ceske Budejovice"]
[Date "1996.??.??"]
[Round "5"]
[White "Lacina, Adolf"]
[Black "Iljin, Stanislav"]
[Result "1-0"]
[WhiteElo "2205"]
[BlackElo "2305"]
[PlyCount "95"]
[EventDate "1996.??.??"]
[EventType "swiss"]
[EventRounds "9"]
[EventCountry "CZE"]
[Source "ChessBase"]
[SourceDate "1997.11.17"]

1. e4 Nf6 2. e5 Nd5 3. d4 d6 4. c4 Nb6 5. exd6 cxd6 6. Nc3 g6 7. a4 Bg7 8. a5
N6d7 9. d5 O-O 10. Nf3 Na6 11. Be2 Ndc5 12. O-O Nb4 13. Nb5 Bf5 14. Nbd4 Be4
15. Be3 Rc8 16. Qd2 Nba6 17. Ng5 h6 18. Nxe4 Nxe4 19. Qc2 Nf6 20. Qd2 Kh7 21.
b4 Qd7 22. h3 Nb8 23. Bd3 a6 24. f4 e6 25. dxe6 fxe6 26. f5 exf5 27. Nxf5 Ne4
28. Bxe4 Bxa1 29. Rxa1 gxf5 30. Bd5 Qg7 31. Rb1 Nc6 32. b5 Ne5 33. bxa6 bxa6
34. Rb7 Rc7 35. Bxh6 Rxb7 36. Bxg7 Rxg7 37. Qb4 Rf6 38. Qb6 Nd7 39. Qxa6 Nc5
40. Qb6 f4 41. Kh2 Nd7 42. Qd8 Rf8 43. Qh4+ Kg6 44. Be4+ Kf7 45. Qxf4+ Ke7 46.
Qe3 Nc5 47. Bc6+ Kd8 48. Qh6 1-0

[Event "GEO-ch"]
[Site "Tbilisi"]
[Date "1996.??.??"]
[Round "?"]
[White "Gurgenidze, Bukhuti"]
[Black "Tabatadze, Tamaz"]
[Result "0-1"]
[WhiteElo "2340"]
[BlackElo "2450"]
[PlyCount "105"]
[EventDate "1996.??.??"]
[EventType "tourn"]
[EventRounds "9"]
[EventCountry "GEO"]
[Source "ChessBase"]
[SourceDate "1998.11.10"]

1. e4 Nf6 2. e5 Nd5 3. d4 d6 4. c4 Nb6 5. exd6 cxd6 6. Nc3 g6 7. a4 a5 8. c5
dxc5 9. Bb5+ N6d7 10. Bf4 Bg7 11. Nd5 e5 12. Bxe5 O-O 13. Bxg7 Kxg7 14. dxc5
Nc6 15. Qd2 Nf6 16. Nxf6 Qxf6 17. Ne2 Bg4 18. f3 Rad8 19. Qc3 Qxc3+ 20. bxc3
Bc8 21. Rd1 Rxd1+ 22. Kxd1 Rd8+ 23. Kc1 Rd5 24. Bxc6 bxc6 25. Nd4 Rxc5 26. Kc2
Rg5 27. g3 c5 28. Nb5 Bb7 29. Rf1 Re5 30. Rf2 Re3 31. f4 Re4 32. Kb3 Bd5+ 33.
Ka3 Re1 34. Kb2 Be4 35. Rd2 c4 36. Na3 Bd3 37. Nc2 Rh1 38. Nd4 Kf6 39. Ka2 h5
40. Nc6 Kf5 41. Nxa5 Kg4 42. Nb7 Kh3 43. Nd6 Rxh2 44. Rxh2+ Kxh2 45. a5 f5 46.
a6 Bf1 47. a7 Bg2 48. Nxc4 Kxg3 49. Na5 Kxf4 50. c4 Ke5 51. c5 Ba8 52. Nc4+ Kd4
53. Kb3 0-1

[Event "GRE-chT"]
[Site "Athens"]
[Date "1997.??.??"]
[Round "4"]
[White "Tzoumbas, Anastasios"]
[Black "Stefanopoulos, Orestis"]
[Result "1-0"]
[WhiteElo "2365"]
[BlackElo "2280"]
[PlyCount "97"]
[EventDate "1997.??.??"]
[EventType "team"]
[EventRounds "9"]
[EventCountry "GRE"]
[Source "ChessBase"]
[SourceDate "2001.11.25"]

1. e4 Nf6 2. e5 Nd5 3. d4 d6 4. c4 Nb6 5. exd6 cxd6 6. Nc3 g6 7. a4 Bg7 8. a5
N6d7 9. Ra3 O-O 10. Nf3 Nc6 11. d5 Nce5 12. Nd4 Nf6 13. h3 e6 14. Be2 exd5 15.
cxd5 Re8 16. O-O Ned7 17. Ndb5 Nc5 18. b4 Nce4 19. Be3 Bd7 20. Nxe4 Nxe4 21.
Nd4 Rc8 22. Qd3 a6 23. Bf3 Ng5 24. Bd1 Ne4 25. Re1 Qf6 26. Bf3 Qh4 27. Ne6 Bxe6
28. dxe6 Rxe6 29. Rf1 Qe7 30. Bg4 f5 31. Bd1 Kh8 32. Bb3 Rc3 33. Qd1 d5 34.
Qxd5 Rcc6 35. Bc5 Qe8 36. Ba4 Nc3 37. Bxc6 bxc6 38. Qd2 Re2 39. Qd3 Nb5 40. Rb3
Bf6 41. Be3 Ra2 42. Rc1 f4 43. Bb6 Qe5 44. Qf3 Qg5 45. Rd3 Be5 46. Rxc6 Ra1+
47. Rd1 Ra3 48. Rd7 Bc7 49. Rcxc7 1-0

[Event "Gyor Matrai Nyar op"]
[Site "Gyor"]
[Date "1997.??.??"]
[Round "6"]
[White "Vujosevic, Vladimir"]
[Black "Sull, Gyula"]
[Result "1-0"]
[WhiteElo "2420"]
[BlackElo "2190"]
[PlyCount "143"]
[EventDate "1997.??.??"]
[EventType "swiss"]
[EventRounds "9"]
[EventCountry "HUN"]
[Source "ChessBase"]
[SourceDate "2000.11.22"]

1. e4 Nf6 2. e5 Nd5 3. d4 d6 4. c4 Nb6 5. exd6 cxd6 6. Nc3 g6 7. a4 a5 8. c5
dxc5 9. Bb5+ N6d7 10. Bf4 Bg7 11. Nd5 e5 12. dxe5 O-O 13. Nf3 Nb6 14. Ne3 Qxd1+
15. Rxd1 Bd7 16. Bxd7 N8xd7 17. O-O Rfd8 18. Rd6 Bf8 19. Rd2 Be7 20. Rfd1 Nf8
21. Nd5 Nxd5 22. Rxd5 Ne6 23. Be3 Rxd5 24. Rxd5 Rd8 25. Rxd8+ Bxd8 26. Kf1 f6
27. exf6 Bxf6 28. b3 Kf7 29. Ke2 Ke7 30. Nd2 Kd7 31. Ne4 Be7 32. Kd3 Kc6 33.
Kc4 b6 34. f3 Bd8 35. g3 Be7 36. f4 Nc7 37. g4 Nd5 38. Bd2 Nc7 39. f5 gxf5 40.
gxf5 Nd5 41. h3 Bh4 42. Ng5 Nf6 43. Nf3 Ne4 44. Ne5+ Kb7 45. Nf3 Nd6+ 46. Kd5
Nxf5 47. Ke5 Nd4 48. Nxh4 Nxb3 49. Be3 Kc6 50. Nf3 b5 51. Ne1 b4 52. Nc2 c4 53.
Nd4+ Nxd4 54. Kxd4 c3 55. Kd3 Kb7 56. Kc4 Kc6 57. Bd4 Kd6 58. Kd3 Kc6 59. Be5
Kb6 60. Bf6 Kc7 61. Kc4 Kc6 62. Bg7 Kd6 63. h4 h5 64. Kb5 Kd5 65. Bf6 Ke6 66.
Bh8 Kd5 67. Bg7 c2 68. Bb2 b3 69. Kxa5 Kc5 70. Ka6 Kc4 71. a5 Kd3 72. Kb5 1-0

[Event "Spree op"]
[Site "Spree"]
[Date "1997.??.??"]
[Round "7"]
[White "Dranov, Aleksandar"]
[Black "Schnabel, Ralf"]
[Result "0-1"]
[WhiteElo "2350"]
[BlackElo "2255"]
[PlyCount "140"]
[EventDate "1997.??.??"]
[EventType "swiss"]
[EventRounds "9"]
[EventCountry "GER"]
[Source "ChessBase"]
[SourceDate "2000.11.22"]

1. e4 Nf6 2. e5 Nd5 3. d4 d6 4. c4 Nb6 5. exd6 cxd6 6. Nc3 g6 7. a4 Bg7 8. a5
N6d7 9. Ra3 O-O 10. Nf3 b6 11. axb6 Nxb6 12. d5 Ba6 13. Be3 Nxc4 14. Rxa6 Nxe3
15. fxe3 Nxa6 16. Bxa6 Qb6 17. Qe2 Rfb8 18. Nd1 Bxb2 19. O-O Bf6 20. Kh1 Qc5
21. e4 Rb4 22. e5 dxe5 23. Nxe5 Qxd5 24. Ng4 Rd8 25. Nde3 Qg5 26. Bc4 Rd4 27.
Qa2 Rbxc4 28. Nxf6+ exf6 29. Nxc4 Qd5 30. Qxa7 Qxc4 31. Qa8+ Kg7 32. Qf3 Rd6
33. h3 Qd3 34. Qf4 h5 35. Rf3 Qd4 36. Qg3 Qe5 37. Kh2 Qxg3+ 38. Kxg3 g5 39. Ra3
Rd4 40. Rb3 h4+ 41. Kf3 f5 42. Ra3 g4+ 43. Ke3 Re4+ 44. Kf2 Rb4 45. Ra6 f6 46.
Ra2 Kg6 47. Rc2 Kg5 48. Ra2 Rb3 49. Rc2 gxh3 50. gxh3 Rxh3 51. Kg2 Rg3+ 52. Kh2
f4 53. Rc7 f5 54. Rc2 Kg4 55. Ra2 f3 56. Kh1 Rh3+ 57. Kg1 Kg3 58. Rg2+ Kf4 59.
Ra2 Rg3+ 60. Kh1 Rg4 61. Rb2 Kg3 62. Kg1 Rc4 63. Rg2+ Kf4 64. Ra2 Re4 65. Ra8
Re1+ 66. Kf2 Re2+ 67. Kg1 h3 68. Rh8 h2+ 69. Kf1 Rg2 70. Rh7 Ke5 0-1

[Event "Arnold Cup"]
[Site "Gausdal"]
[Date "1997.??.??"]
[Round "6"]
[White "Bergstrom, Rolf"]
[Black "Westerinen, Heikki MJ"]
[Result "1-0"]
[WhiteElo "2285"]
[BlackElo "2410"]
[PlyCount "73"]
[EventDate "1997.04.??"]
[EventType "swiss"]
[EventRounds "9"]
[EventCountry "NOR"]
[Source "ChessBase"]
[SourceDate "1997.11.17"]

1. e4 Nf6 2. e5 Nd5 3. d4 Nb6 4. c4 d6 5. exd6 cxd6 6. Nc3 g6 7. a4 Bg7 8. a5
N6d7 9. Ra3 O-O 10. Be2 Nc6 11. Nf3 e5 12. d5 Ne7 13. Nb5 Nc5 14. b4 Ne4 15.
Be3 Bd7 16. Nxa7 Nf5 17. Bb6 Qf6 18. O-O Nd4 19. Nxd4 exd4 20. Bf3 Nc3 21. Qd2
Rfe8 22. c5 Rxa7 23. c6 bxc6 24. dxc6 Be6 25. Bxa7 Nb5 26. Qd3 Qe5 27. c7 Nxa7
28. b5 Bf5 29. Qc4 Nxb5 30. Rb3 Na7 31. Rb8 Nc8 32. a6 d3 33. Qa4 d2 34. a7 Bd3
35. a8=Q Bxf1 36. Qxe8+ Qxe8 37. Rxc8 1-0

[Event "NRW-Cup Masters op"]
[Site "Muenster"]
[Date "1997.??.??"]
[Round "6"]
[White "Jacob, Gunnar"]
[Black "Schultz, Heide"]
[Result "1-0"]
[WhiteElo "2175"]
[BlackElo "2040"]
[PlyCount "45"]
[EventDate "1997.10.??"]
[EventType "swiss"]
[EventRounds "9"]
[EventCountry "GER"]
[Source "ChessBase"]
[SourceDate "1997.11.24"]

1. e4 Nf6 2. e5 Nd5 3. d4 d6 4. c4 Nb6 5. exd6 cxd6 6. Nc3 g6 7. a4 a5 8. c5
dxc5 9. Bb5+ N6d7 10. Bf4 Bg7 11. Nd5 O-O 12. Bc7 Qe8 13. Nb6 Ra6 14. dxc5 Rxb6
15. cxb6 Nc6 16. Bxc6 bxc6 17. Qc2 Bb7 18. Ne2 c5 19. O-O Qa8 20. f3 e5 21. Nc3
Re8 22. Rad1 Nf8 23. Ne4 1-0

[Event "Wch Seniors 07th"]
[Site "Bad Wildbad"]
[Date "1997.??.??"]
[Round "2"]
[White "Sarapu, Ortvin"]
[Black "Branz, Jefim"]
[Result "1/2-1/2"]
[WhiteElo "2270"]
[BlackElo "2000"]
[PlyCount "32"]
[EventDate "1997.11.13"]
[EventType "swiss"]
[EventRounds "11"]
[EventCountry "GER"]
[Source "ChessBase"]
[SourceDate "1998.11.10"]

1. e4 Nf6 2. e5 Nd5 3. d4 d6 4. c4 Nb6 5. exd6 cxd6 6. Nc3 g6 7. a4 Bg7 8. a5
N6d7 9. Nf3 Nc6 10. Be3 O-O 11. Be2 Nxa5 12. O-O Nc6 13. Qd2 Nf6 14. d5 Nb4 15.
Rxa7 Rxa7 16. Bxa7 Bg4 1/2-1/2

[Event "Landesliga Nord 9899"]
[Site "Bayern"]
[Date "1998.??.??"]
[Round "?"]
[White "Dietrich, Reinhard"]
[Black "Deckert, Marc"]
[Result "1-0"]
[WhiteElo "2045"]
[BlackElo "2095"]
[PlyCount "65"]
[EventDate "1998.??.??"]
[EventType "team"]
[EventRounds "11"]
[EventCountry "GER"]
[Source "ChessBase"]
[SourceDate "1999.11.16"]

1. e4 Nf6 2. e5 Nd5 3. d4 d6 4. c4 Nb6 5. exd6 cxd6 6. Nc3 g6 7. a4 Bg7 8. a5
N6d7 9. Be3 O-O 10. Ra3 e5 11. d5 f5 12. f3 Nf6 13. b4 e4 14. f4 Ng4 15. Bd4
Qe7 16. Be2 g5 17. Nh3 gxf4 18. Nxf4 Bh6 19. O-O Qh4 20. Bxg4 Qxg4 21. Nce2 Kf7
22. Rg3 Qh4 23. Rh3 Qg5 24. Rh5 Qg4 25. Rxh6 Rg8 26. h3 Qg5 27. Rh5 Qd8 28.
Rxh7+ Ke8 29. Ng3 Qg5 30. Qh5+ Qxh5 31. Ngxh5 Nd7 32. Ne6 Rb8 33. Bf6 1-0

[Event "Budapest Spring op 14th"]
[Site "Budapest"]
[Date "1998.??.??"]
[Round "?"]
[White "Vujosevic, Vladimir"]
[Black "Miroshnichenko, Evgenij"]
[Result "0-1"]
[WhiteElo "2375"]
[BlackElo "2455"]
[PlyCount "62"]
[EventDate "1998.03.??"]
[EventType "swiss"]
[EventRounds "9"]
[EventCountry "HUN"]
[Source "ChessBase"]
[SourceDate "2001.11.25"]

1. e4 Nf6 2. e5 Nd5 3. d4 d6 4. c4 Nb6 5. exd6 cxd6 6. Nc3 g6 7. a4 Bg7 8. a5
N6d7 9. Nf3 O-O 10. Ra3 e5 11. Be2 Re8 12. d5 f5 13. O-O e4 14. Nd4 Ne5 15. Nc2
Nbd7 16. b4 Nf6 17. c5 Bd7 18. a6 b6 19. cxd6 Qb8 20. Nb5 Bxb5 21. Bxb5 Rd8 22.
d7 Qd6 23. Bf4 Nfxd7 24. Qe2 Qf6 25. Bc6 Nxc6 26. dxc6 Qxc6 27. Ne3 Ne5 28.
Bxe5 Bxe5 29. Rd1 Rac8 30. Rxd8+ Rxd8 31. g3 Qc1+ 0-1

[Event "FRA-ch (Women)"]
[Site "Meribel"]
[Date "1998.??.??"]
[Round "6"]
[White "Dubois, Martine"]
[Black "Dacalor, Aurelie"]
[Result "0-1"]
[WhiteElo "2030"]
[BlackElo "2120"]
[PlyCount "126"]
[EventDate "1998.08.??"]
[EventType "tourn"]
[EventRounds "11"]
[EventCountry "FRA"]
[Source "ChessBase"]
[SourceDate "1999.11.16"]

1. e4 Nf6 2. e5 Nd5 3. d4 d6 4. c4 Nb6 5. exd6 cxd6 6. Nc3 g6 7. a4 a5 8. c5
dxc5 9. Bb5+ Bd7 10. dxc5 Bxb5 11. axb5 Qxd1+ 12. Kxd1 N6d7 13. Nd5 Kd8 14. b4
Bg7 15. Ra2 e6 16. Nf4 Bc3 17. Nd3 Bg7 18. Ne2 e5 19. Be3 Bf8 20. Kc2 f5 21. f3
Kc7 22. Nc3 a4 23. Nd5+ Kd8 24. Rd1 f4 25. Bf2 Bg7 26. Bh4+ Kc8 27. Ne7+ Kc7
28. b6+ Nxb6 29. cxb6+ Kxb6 30. Nd5+ Kc6 31. Nc5 a3 32. Nb3 b6 33. b5+ Kb7 34.
Ne7 Re8 35. Rd6 Bf8 36. Re6 Nd7 37. Kb1 Ra4 38. Rd2 Nb8 39. Ka2 Rb4 40. Rxe5
Bg7 41. Nc6 Bxe5 42. Nxb4 Bc3 43. Kxa3 Bxd2 44. Nxd2 Re2 45. Nc4 Rxg2 46. Bd8
Nd7 47. Nd6+ Ka8 48. Nd5 Rd2 49. Nc7+ Ka7 50. Nc4 Rd3+ 51. Kb4 Kb7 52. Ne6 Nc5
53. Ne5 Rd5 54. Bxb6 Nxe6 55. Nc4 Rd3 56. Bc5 Rxf3 57. Nd6+ Kb8 58. b6 Nd8 59.
Kb5 Nb7 60. Nc4 Rb3+ 61. Bb4 f3 62. Nd2 f2 63. Kc4 Rb1 0-1

[Event "Paks Atom Cup IM 3rd"]
[Site "Paks"]
[Date "1998.??.??"]
[Round "3"]
[White "Brumen, Dinko"]
[Black "Palkovi, Jozsef"]
[Result "0-1"]
[WhiteElo "2355"]
[BlackElo "2435"]
[PlyCount "88"]
[EventDate "1998.09.??"]
[EventType "tourn"]
[EventRounds "11"]
[EventCountry "HUN"]
[EventCategory "2"]
[Source "ChessBase"]
[SourceDate "1998.11.10"]

1. e4 Nf6 2. e5 Nd5 3. d4 d6 4. c4 Nb6 5. exd6 cxd6 6. Nc3 g6 7. a4 a5 8. c5
dxc5 9. Bb5+ N6d7 10. Bf4 Bg7 11. Nd5 O-O 12. Bc7 Qe8 13. Nb6 Ra6 14. Bxa6 Nxa6
15. Nxd7 Qxd7 16. Bxa5 cxd4 17. Nf3 b6 18. Bd2 e5 19. O-O Re8 20. Re1 h6 21.
Bc1 Bb7 22. Qb3 Nc5 23. Qxb6 Nd3 24. Re2 e4 25. Ne1 Ne5 26. Rc2 Bc6 27. Bd2 Re6
28. Qb8+ Kh7 29. a5 Qd5 30. Qc7 d3 31. Rcc1 Nc4 32. Rxc4 Qxc4 33. Qxf7 Bd5 34.
Bc3 Rf6 35. Qe7 Rf7 36. Qa3 e3 37. fxe3 d2 38. Nf3 Bxf3 39. gxf3 Qe2 40. Qb3
Qxe3+ 41. Kg2 Qxf3+ 42. Kg1 Qe3+ 43. Kh1 Qf3+ 44. Kg1 Bd4+ 0-1

[Event "Budapest FS10 GM"]
[Site "Budapest"]
[Date "1998.10.08"]
[Round "6"]
[White "Horvath, Adam"]
[Black "Varga, Peter"]
[Result "1-0"]
[WhiteElo "2455"]
[BlackElo "2445"]
[PlyCount "89"]
[EventDate "1998.10.03"]
[EventType "tourn"]
[EventRounds "13"]
[EventCountry "HUN"]
[EventCategory "8"]
[Source "ChessBase"]
[SourceDate "1998.11.10"]

1. e4 Nf6 2. e5 Nd5 3. d4 d6 4. c4 Nb6 5. exd6 cxd6 6. Nc3 g6 7. a4 Bg7 8. a5
N6d7 9. Nf3 O-O 10. Be3 Nc6 11. d5 Nxa5 12. Ra3 b6 13. b4 Nb7 14. Nb5 a6 15.
Nfd4 Nb8 16. Nc6 Qd7 17. Nxb8 Rxb8 18. Rxa6 Nc5 19. Ra7 Bc3+ 20. Bd2 Bxd2+ 21.
Qxd2 Rb7 22. Rxb7 Nxb7 23. Be2 Qd8 24. O-O Bd7 25. Ra1 Bxb5 26. cxb5 Qc7 27.
Rc1 Qd7 28. Qd4 Ra8 29. Qxb6 Nd8 30. h3 Qf5 31. Bf3 Qf4 32. Re1 Qxb4 33. Re4
Qd2 34. Qc7 Kg7 35. Qxe7 Qb2 36. Qxd6 Qxb5 37. Qe5+ f6 38. Qe7+ Nf7 39. Kh2 Rd8
40. d6 Qc5 41. Re6 Rxd6 42. Qxf6+ Kf8 43. Qe7+ Kg7 44. Rf6 Qc4 45. Rxf7+ 1-0

[Event "CZE-chT2"]
[Site "Czechia"]
[Date "1999.??.??"]
[Round "?"]
[White "Lacina, Adolf"]
[Black "Smejkal, Ladislav"]
[Result "0-1"]
[WhiteElo "2222"]
[BlackElo "2125"]
[PlyCount "80"]
[EventDate "1999.??.??"]
[EventType "team"]
[EventRounds "11"]
[EventCountry "CZE"]
[Source "ChessBase"]
[SourceDate "2002.11.25"]

1. e4 Nf6 2. e5 Nd5 3. d4 d6 4. c4 Nb6 5. exd6 cxd6 6. Nc3 g6 7. a4 Bg7 8. a5
N6d7 9. d5 O-O 10. Nf3 Nc5 11. Be2 Nba6 12. O-O Bf5 13. Nb5 Nb4 14. Nbd4 Be4
15. Bd2 Nbd3 16. Bc3 Nf4 17. b4 Nxe2+ 18. Nxe2 Bxf3 19. gxf3 Bxc3 20. Nxc3 Na6
21. Qb3 e5 22. Rfe1 f5 23. c5 Qg5+ 24. Kf1 Qf4 25. c6 Qxf3 26. cxb7 Rab8 27.
Qc4 Rxb7 28. Qxa6 Rxb4 29. Qxd6 Qh1+ 30. Ke2 Rb2+ 31. Kd1 Qf3+ 32. Re2 Qd3+ 33.
Ke1 Qxc3+ 34. Kf1 Rxe2 35. Qe6+ Kg7 36. Rb1 Rb2 37. Rd1 Qh3+ 38. Ke1 Qxh2 39.
Qe7+ Rf7 40. Qxe5+ Qxe5+ 0-1

[Event "CZE-chTJ 9900"]
[Site "Czechia"]
[Date "1999.??.??"]
[Round "?"]
[White "Dolezal, Jiri"]
[Black "Novak, Jiri"]
[Result "1/2-1/2"]
[WhiteElo "2207"]
[BlackElo "2245"]
[PlyCount "114"]
[EventDate "1999.??.??"]
[EventType "team"]
[EventRounds "11"]
[EventCountry "CZE"]
[Source "ChessBase"]
[SourceDate "2001.11.25"]

1. e4 Nf6 2. e5 Nd5 3. d4 d6 4. c4 Nb6 5. exd6 cxd6 6. Nc3 g6 7. a4 Bg7 8. a5
N6d7 9. d5 O-O 10. Nf3 b6 11. Be2 Ba6 12. O-O Qc7 13. axb6 axb6 14. Be3 Ne5 15.
Nxe5 Bxe5 16. Nb5 Qb7 17. Nd4 Bf6 18. b4 Qc8 19. Rc1 Bb7 20. Nb5 Qd8 21. Bd4
Nd7 22. Bg4 Bxd4 23. Qxd4 Nf6 24. Bf3 Ba6 25. Nc3 Qc7 26. Na4 Rab8 27. Rfe1
Rfe8 28. h4 h5 29. g3 Qd8 30. Re3 Bxc4 31. Qxc4 b5 32. Qc6 bxa4 33. Qxa4 Qb6
34. Rb1 Qb5 35. Qd1 Rb7 36. Reb3 Rc8 37. Qd2 Rbc7 38. R3b2 Rc3 39. Rb3 Rc2 40.
Qd3 Qxd3 41. Rxd3 Rc1+ 42. Rxc1 Rxc1+ 43. Kg2 Rb1 44. Rd4 Kf8 45. Rc4 Kg7 46.
Rd4 Rb2 47. Bd1 Ng4 48. Bxg4 hxg4 49. Rxg4 Rd2 50. b5 Rb2 51. h5 Rxb5 52. hxg6
f5 53. Rd4 Kxg6 54. Kh3 Kf6 55. f4 Rb1 56. Rd3 Rb2 57. Rd1 Rc2 1/2-1/2

[Event "FRA-chT2S 9900"]
[Site "France"]
[Date "2000.02.06"]
[Round "7"]
[White "Todorov, Todor"]
[Black "Olivier, Jean Christophe"]
[Result "0-1"]
[WhiteElo "2480"]
[BlackElo "2417"]
[PlyCount "114"]
[EventDate "1999.01.15"]
[EventType "team"]
[EventRounds "7"]
[EventCountry "FRA"]
[Source "ChessBase"]
[SourceDate "2001.11.25"]

1. e4 Nf6 2. e5 Nd5 3. d4 d6 4. c4 Nb6 5. exd6 cxd6 6. Nc3 g6 7. a4 a5 8. c5
dxc5 9. Bb5+ N6d7 10. Bf4 Bg7 11. Nd5 e5 12. Bxe5 O-O 13. Bxg7 Kxg7 14. dxc5
Nc6 15. Qd2 Nf6 16. Nxf6 Qxd2+ 17. Kxd2 Kxf6 18. Ne2 Rd8+ 19. Ke3 Rd5 20. Nc3
Re5+ 21. Ne4+ Kg7 22. f3 Bf5 23. Bxc6 bxc6 24. Kf4 Rd5 25. Nd6 Rb8 26. g4 Be6
27. Ne4 Rb4 28. Kg3 Bxg4 29. Rad1 Be6 30. Rxd5 Bxd5 31. Nc3 Be6 32. Rd1 Rxb2
33. Rd6 Rc2 34. Ne4 Bd5 35. Nf6 Rxc5 36. Kf4 Rc4+ 37. Ke5 Rxa4 38. Nxd5 cxd5
39. Rxd5 Ra2 40. Kf4 Rxh2 41. Rxa5 h5 42. Ra7 Rg2 43. Ke3 g5 44. Ra1 Kg6 45.
Ra8 f6 46. Rb8 h4 47. Rh8 Kf5 48. Rb8 h3 49. Rh8 h2 50. Rh6 Ra2 51. Rh3 Rb2 52.
Rh6 Rb3+ 53. Kf2 Rb1 54. Rxh2 Rb2+ 55. Kg3 Rxh2 56. Kxh2 Kf4 57. Kg2 Ke3 0-1

[Event "FRA-ch (Women)"]
[Site "Bescanon"]
[Date "1999.08.18"]
[Round "1"]
[White "Dubois, Martine"]
[Black "Dacalor, Aurelie"]
[Result "1-0"]
[WhiteElo "2012"]
[BlackElo "2131"]
[PlyCount "131"]
[EventDate "1999.08.18"]
[EventType "tourn"]
[EventRounds "11"]
[EventCountry "FRA"]
[Source "ChessBase"]
[SourceDate "1999.09.14"]

1. e4 Nf6 2. e5 Nd5 3. d4 d6 4. c4 Nb6 5. exd6 cxd6 6. Nc3 g6 7. a4 Bg7 8. a5
N6d7 9. Nf3 Nc6 10. Ra3 Nxa5 11. d5 Bxc3+ 12. Rxc3 b6 13. b4 Nb7 14. Nd4 Nf6
15. Nc6 Qc7 16. Bh6 Ng4 17. Qd4 f6 18. Bd2 Ne5 19. Re3 Kf7 20. Nxe7 Qxe7 21. f4
h5 22. Be2 Qc7 23. fxe5 dxe5 24. Qc3 Bf5 25. Bf3 Rac8 26. Be2 Nd6 27. Qa3 Rhd8
28. Rc3 Ne4 29. Rc1 Nxd2 30. Kxd2 Rd7 31. Rhf1 Be4 32. Qe3 Bxg2 33. Rg1 Bxd5
34. cxd5 Rxd5+ 35. Bd3 Qd8 36. Rxc8 Qxc8 37. Qe4 Qe6 38. Qxg6+ Ke7 39. Qh7+ Kd6
40. Rc1 Qd7 41. Qh8 Ke7 42. Qg7+ Kd6 43. Qg8 Ke7 44. Qh7+ Ke6 45. Qe4 Ke7 46.
Rg1 Kd6 47. Rg6 Qf7 48. Qf5 Ke7 49. Rh6 Qe6 50. Qh7+ Kd6 51. Qg7 e4 52. Rxf6
Rxd3+ 53. Ke2 Qxf6 54. Qxf6+ Kd5 55. Qf7+ Kd4 56. Qxa7 Re3+ 57. Kf2 Rf3+ 58.
Kg2 Kd3 59. Qxb6 Rf5 60. Qd6+ Ke2 61. b5 e3 62. b6 Rf2+ 63. Kh3 Rf3+ 64. Kh4
Kf2 65. b7 e2 66. Qb4 1-0

[Event "Skelleftea Solett op"]
[Site "Skelleftea"]
[Date "1999.09.02"]
[Round "5"]
[White "Nygren, David"]
[Black "Hillarp Persson, Tiger"]
[Result "0-1"]
[WhiteElo "2150"]
[BlackElo "2507"]
[PlyCount "100"]
[EventDate "1999.09.01"]
[EventType "swiss"]
[EventRounds "9"]
[EventCountry "SWE"]
[Source "ChessBase"]
[SourceDate "1999.11.16"]

1. e4 Nf6 2. e5 Nd5 3. d4 d6 4. c4 Nb6 5. exd6 cxd6 6. Nc3 g6 7. a4 d5 8. cxd5
Bg7 9. Bb5+ Bd7 10. Qb3 O-O 11. Nge2 Bxb5 12. Qxb5 Na6 13. h4 Nc7 14. Qd3 h6
15. h5 g5 16. f4 gxf4 17. Bxf4 Ncxd5 18. Bd2 Nb4 19. Qg3 Nc2+ 20. Kf1 Nxd4 21.
Nxd4 Qxd4 22. Bxh6 Rfd8 23. Be3 Qd3+ 24. Kf2 Nc4 25. h6 Qxe3+ 26. Qxe3 Bd4 27.
Qxd4 Rxd4 28. Rae1 e6 29. h7+ Kg7 30. b3 Nd6 31. Re3 Rh8 32. Rg3+ Kf8 33. Ke2
Nf5 34. Rf3 Rg4 35. Rd3 Kg7 36. Rd7 Rxg2+ 37. Kf1 Rc2 38. Rh3 Rxh7 39. Rxf7+
Kxf7 40. Rxh7+ Kg6 41. Rh3 Nd6 42. Rd3 Nf5 43. Ke1 e5 44. Kd1 Rb2 45. Ne2 Kg5
46. Ke1 Kg4 47. Nc1 Nd4 48. Kd1 Rh2 49. Re3 Kf4 50. Rd3 Ke4 0-1

[Event "Oberliga Ost-B 9900"]
[Site "Germany"]
[Date "2000.04.09"]
[Round "11.1"]
[White "Lutz, Klaus Juergen"]
[Black "Konopka, Michal"]
[Result "1/2-1/2"]
[WhiteElo "2321"]
[BlackElo "2484"]
[PlyCount "44"]
[EventDate "1999.10.??"]
[EventType "team"]
[EventRounds "11"]
[EventCountry "GER"]
[Source "ChessBase"]
[SourceDate "2001.11.25"]

1. e4 Nf6 2. e5 Nd5 3. d4 d6 4. c4 Nb6 5. exd6 cxd6 6. Nc3 g6 7. a4 Bg7 8. a5
N6d7 9. Nf3 O-O 10. Be3 Nc6 11. Ra3 e6 12. Qd2 Nf6 13. d5 exd5 14. cxd5 Ne7 15.
Be2 Nf5 16. Bf4 Nh5 17. Bg5 f6 18. Bf4 b6 19. a6 Bd7 20. O-O Re8 21. Bb5 Rc8
22. Bd3 Re7 1/2-1/2

[Event "SWE-chT 9900"]
[Site "Sweden"]
[Date "2000.??.??"]
[Round "10"]
[White "Nygren, David"]
[Black "Friberg, Hans"]
[Result "0-1"]
[WhiteElo "2150"]
[BlackElo "2265"]
[PlyCount "82"]
[EventDate "1999.11.??"]
[EventType "team"]
[EventRounds "11"]
[EventCountry "SWE"]
[Source "ChessBase"]
[SourceDate "2001.11.25"]

1. e4 Nf6 2. e5 Nd5 3. c4 Nb6 4. d4 d6 5. exd6 cxd6 6. Nc3 g6 7. a4 Bg7 8. a5
N6d7 9. Nf3 Nc6 10. Ra3 O-O 11. d5 Nce5 12. Nd4 a6 13. f4 Ng4 14. Be2 Ngf6 15.
b4 Re8 16. O-O e5 17. dxe6 fxe6 18. Nc2 Qc7 19. Ne3 b6 20. Kh1 Bb7 21. axb6
Qxb6 22. Nc2 Rab8 23. Qd3 e5 24. Qh3 exf4 25. Bxf4 Ne5 26. c5 dxc5 27. Na4 Qd8
28. Nxc5 Bc8 29. Qh4 Nd5 30. Bg5 Qb6 31. Bc4 Nxc4 32. Qxc4 Be6 33. Rxa6 Nxb4
34. Qxb4 Qxb4 35. Nxb4 Bc4 36. Rc1 Rxb4 37. Rc6 Bd5 38. Rd6 Rc4 39. h4 Rxc1+
40. Bxc1 Re1+ 41. Kh2 Be5+ 0-1

[Event "AUT-chT2M 0001"]
[Site "Austria"]
[Date "2001.??.??"]
[Round "9"]
[White "Lacina, Adolf"]
[Black "Pitschka, Klaus"]
[Result "0-1"]
[WhiteElo "2245"]
[BlackElo "2265"]
[PlyCount "48"]
[EventDate "2000.??.??"]
[EventType "team"]
[EventRounds "9"]
[EventCountry "AUT"]
[Source "ChessBase"]
[SourceDate "2002.11.25"]

1. e4 Nf6 2. e5 Nd5 3. d4 d6 4. c4 Nb6 5. exd6 cxd6 6. Nc3 g6 7. a4 a5 8. c5
dxc5 9. Bb5+ N6d7 10. Bf4 Bg7 11. Nd5 O-O 12. Bc7 Qe8 13. Nb6 Ra6 14. dxc5 Nc6
15. Bxa6 bxa6 16. Nxd7 Bxd7 17. Qd2 Nd4 18. Qd1 Bf5 19. Bb6 Nc2+ 20. Kf1 Nxa1
21. Qxa1 Bd3+ 22. Ne2 Qc6 23. f3 Qe6 24. Qd1 Qe3 0-1